| 000 | 01267cam a2200385 i 4500 | ||
|---|---|---|---|
| 001 | 2075 | ||
| 003 | KOSZ 005 | ||
| 005 | 20211203113632.0 | ||
| 008 | 960606s1983 pl a f f |000 0 pol | ||
| 040 |
_cKOSZ 005 _aKOSZ 005 _dKOSZ 005/HR |
||
| 046 | _k1983 | ||
| 080 | _a637.5 | ||
| 080 | _a621 | ||
| 080 | _a(075.8) | ||
| 100 | 1 |
_aPopko, Henryk _eAutor |
|
| 245 | 0 |
_aMaszyny przemysłu spożywczego : _bprzemysł mięsny. _nCz.1 / _cHenryk Popko, Rimma Popko ; Politechnika Lubelska. |
|
| 260 |
_aLublin ; _bPL, _c1983. |
||
| 300 |
_a293 s. : _brys., wykr. ; _c24 cm. |
||
| 336 |
_2rdacontent _aTekst _btxt |
||
| 337 |
_2rdamedia _aBez urządzenia pośredniczącego _bn |
||
| 338 |
_2rdacarrier _aWolumin _bnc |
||
| 380 | _aKsiążki | ||
| 380 | _aPublikacje dydaktyczne | ||
| 385 |
_mPoziom nauczania _aSzkoły wyższe |
||
| 388 | _a1901-2000 | ||
| 388 | _a1945-1989 | ||
| 650 | 4 | _aMięso | |
| 650 | 4 | _aTechnologia żywności | |
| 655 | 4 | _aPodręczniki akademickie | |
| 658 | _aInżynieria i technika | ||
| 650 | 4 | _a Konstrukcja maszyn i urządzeń | |
| 700 | 1 |
_aPopko, Rimma _eAutor |
|
| 856 |
_uhttp://koha.tu.koszalin.pl/cgi-bin/koha/opac-detail.pl?biblionumber=2075 _yKatalog online BPK |
||
| 942 |
_cKS _2UKD |
||
| 999 |
_c2075 _d2075 |
||